[Event "FINEC GMA"]
[Site "St Petersburg RUS"]
[Date "2008.02.01"]
[Round "9"]
[White "Lintchevski,D"]
[Black "Lanin,A"]
[Result "1/2-1/2"]
[WhiteElo "2440"]
[BlackElo "2456"]

1.e4 c5 2.Nf3 d6 3.Bb5+ Bd7 4.Bxd7+ Qxd7 5.O-O Nf6 6.e5 dxe5 7.Nxe5 Qc7 8.d4 e6
9.Bf4 Qc8 10.Nc3 cxd4 11.Qxd4 Be7 12.Qa4+ Nc6 13.Nc4 O-O 14.Rad1 Rd8 15.Rxd8+ Qxd8
16.Rd1 Qe8 17.Qb5 Qc8 18.Nd6 Bxd6 19.Rxd6 a6 20.Qb6 Ne7 21.Bg3  1/2-1/2

[Event "Noteboom Mem A"]
[Site "Leiden NED"]
[Date "2008.02.02"]
[Round "2"]
[White "Dessing,B"]
[Black "Van den Doel,E"]
[Result "0-1"]
[WhiteElo "2031"]
[BlackElo "2593"]

1.e4 c5 2.Nf3 d6 3.Bb5+ Nc6 4.Bxc6+ bxc6 5.O-O e5 6.c3 Nf6 7.d4 Nxe4 8.Qa4 Qd7
9.Re1 f5 10.dxe5 d5 11.e6 Qxe6 12.Ng5 Qg6 13.Nh3 Be7 14.Nd2 O-O 15.Nf4 Qd6
16.f3 Bg5 17.fxe4 fxe4 18.Nxe4 dxe4 19.Rxe4 Bf5 20.Re1 Rae8 21.Ne2 Bxc1 22.Raxc1 Qd2
23.Qd1 Qe3+ 24.Kh1 Bg4 25.Qb3+ Kh8 26.Ng1 Qxe1 27.Rxe1 Rxe1 28.h3 Be6  0-1

[Event "4th Open C Women"]
[Site "Moscow RUS"]
[Date "2008.02.02"]
[Round "1"]
[White "Ivanova,D"]
[Black "Muzychuk,A"]
[Result "0-1"]
[WhiteElo "2104"]
[BlackElo "2460"]

1.e4 c5 2.Nf3 d6 3.Bb5+ Nc6 4.O-O Bd7 5.Re1 Nf6 6.Nc3 e6 7.d4 cxd4 8.Nxd4 Be7
9.Nxc6 bxc6 10.Bf1 O-O 11.Bg5 Qc7 12.Qf3 h6 13.Bh4 e5 14.Bc4 g5 15.Bg3 h5
16.h4 Ng4 17.hxg5 Bxg5 18.Bh2 Kg7 19.Nd1 f5 20.Be2 Rab8 21.Qc3 Nxh2 22.Kxh2 fxe4
23.Kg1 d5 24.Qc5 h4 25.Ne3 Be6 26.Red1 Be7 27.Qc3 d4  0-1

[Event "4th Open A"]
[Site "Moscow RUS"]
[Date "2008.02.02"]
[Round "1"]
[White "Chudinovskikh,A"]
[Black "Naiditsch,A"]
[Result "0-1"]
[WhiteElo "2389"]
[BlackElo "2638"]

1.e4 c5 2.Nf3 d6 3.Bb5+ Bd7 4.Bxd7+ Qxd7 5.c4 Nc6 6.d4 cxd4 7.Nxd4 Nf6 8.Nc3 g6
9.O-O Bg7 10.Nc2 O-O 11.b3 Nh5 12.Bd2 Rac8 13.Qe2 f5 14.exf5 Qxf5 15.Rac1 Nf4
16.Bxf4 Qxf4 17.Nd5 Qf7 18.Rfe1 Kh8 19.f3 b5 20.cxb5 Qxd5 21.bxc6 Qxc6 22.Ne3 Qxc1
23.Rxc1 Rxc1+ 24.Kf2 Ra1 25.Kg3 e6 26.Kh3 d5 27.Ng4 h5 28.Ne5 Kh7 29.Nd7 Re8
30.f4 Re7 31.f5 Rc1 32.fxg6+ Kxg6 33.g4 Rc3+ 34.Kg2 h4 35.Ne5+ Kh7 36.g5 h3+
37.Kf2 Kg8 38.g6 Rec7 39.Qg4 Rc2+ 40.Ke3 R7c3+ 41.Kd4 Rc4+ 42.bxc4 Rxc4+
43.Ke3 Rxg4 44.Nxg4 Bb2  0-1

[Event "FSGM February"]
[Site "Budapest HUN"]
[Date "2008.02.03"]
[Round "2"]
[White "Arngrimsson,D"]
[Black "Leviczki,T"]
[Result "1/2-1/2"]
[WhiteElo "2359"]
[BlackElo "2396"]

1.e4 c5 2.Nf3 d6 3.Bb5+ Bd7 4.Bxd7+ Qxd7 5.O-O Nc6 6.c3 Nf6 7.Qe2 e6 8.d4 cxd4
9.cxd4 d5 10.e5 Ne4 11.Be3 Be7 12.Ne1 f6 13.f3 Ng5 14.Nd2 O-O 15.Nd3 Rac8
16.Nb3 b6 17.Rac1 Nf7 18.f4 f5 19.Bf2 Rc7 20.h3 Rfc8 21.g4 Nh6 22.Kh1 a5
23.Rg1 a4 24.Na1 Na5 25.Rxc7 Qxc7 26.Rc1 Qd7 27.Rxc8+ Qxc8  1/2-1/2

[Event "4th Open A"]
[Site "Moscow RUS"]
[Date "2008.02.04"]
[Round "3"]
[White "Looshnikov,N"]
[Black "Yakovich,Yur"]
[Result "1/2-1/2"]
[WhiteElo "2454"]
[BlackElo "2595"]

1.e4 c5 2.Nf3 d6 3.Bb5+ Nd7 4.d4 Nf6 5.O-O cxd4 6.Qxd4 g6 7.e5 dxe5 8.Qxe5 Bg7
9.Re1 e6 10.Qd6 a6 11.Bf1 Bf8 12.Qd4 Bg7 13.Qd6 Bf8 14.Qd4 Bg7 15.Qd6  1/2-1/2

[Event "4th Open A"]
[Site "Moscow RUS"]
[Date "2008.02.04"]
[Round "3"]
[White "Chudinovskikh,A"]
[Black "Inarkiev,E"]
[Result "0-1"]
[WhiteElo "2389"]
[BlackElo "2681"]

1.e4 c5 2.Nf3 d6 3.Bb5+ Nd7 4.c3 Nf6 5.Qe2 a6 6.Ba4 Qc7 7.d3 g6 8.O-O Bg7
9.d4 O-O 10.e5 dxe5 11.dxe5 Nd5 12.Re1 N7b6 13.Bc2 Bg4 14.a4 Nd7 15.Qe4 Bxf3
16.gxf3 Qxe5 17.Rd1 e6 18.c4 N5f6 19.Qxb7 Rab8 20.Qxa6 Qe2 21.Nd2 Nh5 22.Rf1 Bxb2
23.Bd1 Qe5 24.f4 Qxf4 25.Bxb2 Rxb2 26.Nf3 Qc7 27.a5 Nb8 28.Qa8 Nc6 29.Qa6 Rb7
30.Ba4 Nb4 31.Qb5 Rxb5 32.Bxb5 Ra8 33.a6 Qc8 34.Rfd1 Nxa6 35.Ne5 Nb4  0-1

[Event "4th Open A"]
[Site "Moscow RUS"]
[Date "2008.02.04"]
[Round "3"]
[White "Dvalishvili,P"]
[Black "Savchenko,B"]
[Result "1/2-1/2"]
[WhiteElo "2500"]
[BlackElo "2589"]

1.e4 c5 2.Nf3 d6 3.Bb5+ Bd7 4.Bxd7+ Qxd7 5.O-O g6 6.e5 Nc6 7.exd6 Qxd6 8.Nc3 Nf6
9.d3 Rd8 10.Be3 Nd4 11.Ng5 Qc6 12.Nge4 Bg7 13.Nxf6+ Bxf6 14.Ne4 Bg7 15.c3 Ne6
16.Ng5 Nxg5 17.Bxg5 Rd5 18.Qd2 e6 19.Rad1 O-O 20.Rfe1 c4 21.d4 e5 22.Bh6 Rfd8
23.Bxg7 Kxg7 24.Re4 b5 25.Qe3 Re8 26.Qe2 Re6 27.Rxe5 Rexe5 28.dxe5 Rxd1+
29.Qxd1 Qe4 30.e6  1/2-1/2

[Event "4th Open C Women"]
[Site "Moscow RUS"]
[Date "2008.02.05"]
[Round "4"]
[White "Karibaeva,E"]
[Black "Paikidze,N"]
[Result "0-1"]
[WhiteElo "2153"]
[BlackElo "2311"]

1.e4 c5 2.Nf3 d6 3.Bb5+ Bd7 4.Bxd7+ Qxd7 5.O-O Nf6 6.Qe2 Nc6 7.c3 e6 8.d4 cxd4
9.cxd4 d5 10.e5 Ne4 11.Be3 Be7 12.Ne1 f5 13.f3 Ng5 14.Nd3 O-O 15.Nd2 b6 16.Rac1 Rac8
17.Nb3 a5 18.Nf4 Nb8 19.Qd3 a4 20.Nd2 b5 21.b3 a3 22.Nb1 Na6 23.Nc3 Rb8 24.Qe2 Nb4
25.Qf2 Nf7 26.h4 Rfc8 27.Kh1 Rb6 28.g4 fxg4 29.fxg4 Nh6 30.Qg3 Rbc6 31.Nfe2 Nf7
32.Rf3 Nh8 33.Bd2 Na6 34.Rcf1 b4 35.Na4 Qe8 36.Bg5 Bxg5 37.hxg5 Rc2 38.Nf4 Rxa2
39.Nc5 Nxc5 40.dxc5 Rc2 41.Nd3 Ng6 42.Qe1 Rc3 43.Nxb4 R3xc5 44.Qa1 Qe7 45.Qxa3 Qxg5
46.Qa7 Qh4+ 47.Kg1 Qxg4+ 48.Kh2 R5c7 49.Qb6 Qh5+ 50.Kg1 Qxe5 51.Nd3 Qg5+
52.Kh1 Qh4+ 53.Kg1 Qh6 54.Ne1 Qe3+  0-1

[Event "4th Open A"]
[Site "Moscow RUS"]
[Date "2008.02.05"]
[Round "4"]
[White "Dvalishvili,P"]
[Black "Kazhgaleyev,M"]
[Result "1/2-1/2"]
[WhiteElo "2500"]
[BlackElo "2594"]

1.e4 c5 2.Nf3 d6 3.Bb5+ Nc6 4.O-O Bd7 5.Re1 Nf6 6.c3 a6 7.Bf1 Bg4 8.h3 Bh5
9.d3 e6 10.Bf4 Be7 11.Nbd2 d5 12.Qb3 b5 13.exd5 Nxd5 14.Bh2 O-O 15.a4 b4
16.Ne5 Nxe5 17.Bxe5 f6 18.Bg3 Bf7 19.Nc4 e5 20.a5 Qd7 21.Rad1 Rab8 22.Qc2 Bg6
23.Qd2 Bd8 24.Kh2 Be7 25.d4 bxc3 26.bxc3 cxd4 27.cxd4 Bb4 28.Qa2 Bxe1 29.Nb6 Qb7
30.Nxd5  1/2-1/2

[Event "4th Open A"]
[Site "Moscow RUS"]
[Date "2008.02.06"]
[Round "5"]
[White "Rjabzev,K"]
[Black "Balashov,Y"]
[Result "1/2-1/2"]
[WhiteElo "2332"]
[BlackElo "2421"]

1.e4 c5 2.Nf3 d6 3.Bb5+ Bd7 4.Bxd7+ Qxd7 5.O-O Nf6 6.Re1 Nc6 7.c3 e6 8.d4 cxd4
9.cxd4 d5 10.e5 Ne4 11.Nbd2 Nxd2 12.Bxd2 h6 13.a3 Be7 14.b4 a6 15.Rc1 O-O
16.Qb3 Rac8 17.Rc2 Na7 18.Rec1 b5 19.Be3 Rxc2 20.Rxc2 Rc8 21.Nd2 Rxc2 22.Qxc2 Nc8
23.Kf1 Nb6 24.Ke2 Nc4 25.Nxc4 Qc6 26.Bg5  1/2-1/2

[Event "16th FAJR Open"]
[Site "Urmia IRI"]
[Date "2008.02.06"]
[Round "7"]
[White "Soozankar,A"]
[Black "Shanava,K"]
[Result "0-1"]
[WhiteElo "2253"]
[BlackElo "2521"]

1.e4 c5 2.Nf3 d6 3.Bb5+ Nd7 4.O-O a6 5.Bc4 e6 6.c3 b5 7.Bb3 c4 8.Bc2 Bb7
9.b3 Ngf6 10.bxc4 bxc4 11.Re1 Qc7 12.Ba3 Be7 13.e5 Nxe5 14.Nxe5 dxe5 15.Bxe7 Kxe7
16.Qe2 e4 17.Na3 Bd5 18.Bd1 Rhb8 19.Nc2 Rb2 20.Ne3 Rab8 21.Bc2 Qc5 22.a4 a5
23.g4 h6 24.h4 g5 25.h5 Kf8 26.Reb1 Nd7 27.Rxb2 Rxb2 28.Rb1 Rxb1+ 29.Bxb1 Qa3
30.Qd1 Ne5 31.Bc2 Nf3+  0-1

[Event "Open"]
[Site "Bermuda BER"]
[Date "2008.02.07"]
[Round "?"]
[White "Mac Intyre,P"]
[Black "De Firmian,N"]
[Result "1/2-1/2"]
[WhiteElo "2299"]
[BlackElo "2539"]

1.e4 c5 2.Nf3 d6 3.Bb5+ Bd7 4.Bxd7+ Nxd7 5.d4 cxd4 6.Qxd4 Ngf6 7.Nc3 a6 8.Bg5 e6
9.O-O-O Qc7 10.Rhe1 Rc8 11.Re2 Be7 12.e5 dxe5 13.Nxe5 Nxe5 14.Qxe5 Qxe5 15.Rxe5 Ng4
16.Ra5 b6 17.Bxe7 bxa5 18.Ba3 Rd8 19.Re1 Kd7 20.h3 Nf6 21.Re5 Ra8 22.Na4 Rhb8
23.c4 Ke8 24.Rxa5 Nd7 25.Bd6 Rc8 26.c5 Rc6 27.b4 Rac8 28.Kb2 f5 29.Nc3 Kf7
30.a4 e5 31.b5 axb5 32.axb5 Rxd6 33.cxd6 Ke6 34.Ra6  1/2-1/2

[Event "Velammal 45th National A ch-IND"]
[Site "Chennai IND"]
[Date "2008.02.08"]
[Round "6"]
[White "Venkatesh,M"]
[Black "Kunte,A"]
[Result "1/2-1/2"]
[WhiteElo "2444"]
[BlackElo "2550"]

1.e4 c5 2.Nf3 d6 3.Bb5+ Nc6 4.O-O Bd7 5.Re1 Nf6 6.c3 a6 7.Bf1 Bg4 8.d3 e6
9.Nbd2 Bh5 10.Be2 Be7 11.Qc2 O-O 12.Nf1 d5  1/2-1/2

[Event "4th Open A"]
[Site "Moscow RUS"]
[Date "2008.02.08"]
[Round "7"]
[White "Vorotnikov,V1"]
[Black "Rodshtein,M"]
[Result "0-1"]
[WhiteElo "2425"]
[BlackElo "2614"]

1.e4 c5 2.Nf3 d6 3.Bb5+ Nc6 4.Bxc6+ bxc6 5.O-O e5 6.c3 Bg4 7.d4 Bxf3 8.Qxf3 cxd4
9.cxd4 exd4 10.e5 d5 11.Nd2 Ne7 12.b4 Ng6 13.Nb3 Bxb4 14.Nxd4 Bc5 15.Be3 Bxd4
16.Bxd4 O-O 17.Qg4 Qc8 18.Qg5 h6 19.Qe3 Qf5 20.g3 Rfe8 21.Rfe1 Nf8 22.Bxa7 Ne6
23.Rec1 Red8 24.Bb6 Rdc8 25.Qb3  0-1

[Event "4th Open C Women"]
[Site "Moscow RUS"]
[Date "2008.02.09"]
[Round "8"]
[White "Karibaeva,E"]
[Black "Tomilova,E"]
[Result "1/2-1/2"]
[WhiteElo "2153"]
[BlackElo "2276"]

1.e4 c5 2.Nf3 d6 3.Bb5+ Bd7 4.Bxd7+ Qxd7 5.O-O Nc6 6.c3 Nf6 7.Qe2 e6 8.d4 cxd4
9.cxd4 d5 10.e5 Ne4 11.Be3 Be7 12.Ne1 f5 13.f3 Ng5 14.Nd3 O-O 15.Nd2 Rac8
16.Rac1 b6 17.Rc3 f4 18.Bf2 Nb4 19.Rxc8 Qxc8 20.Nxb4 Bxb4 21.a3 Be7 22.Nb3 Qd7
23.Rc1 Rc8 24.Be1 Nf7 25.Qd3 a5 26.Rc3 a4 27.Nc1 g5 28.Ne2 Nd8 29.Rxc8 Qxc8
30.Nc3 Qc6 31.Qa6 Kf7 32.Qxa4 Qxa4 33.Nxa4 b5 34.Nc3 b4 35.Nb5 Nc6 36.Kf1 Ke8
37.Ke2 Kd7 38.Kd3 Kc8 39.Nd6+ Bxd6 40.exd6 bxa3 41.bxa3 Kd7 42.Bb4 Nb8 43.Kc3 Kc6
44.a4 Nd7 45.a5 Kb5 46.Kb3 Nb8 47.Bc3 Nd7 48.Bb4 Nb8  1/2-1/2

[Event "16th FAJR Open"]
[Site "Urmia IRI"]
[Date "2008.02.09"]
[Round "11"]
[White "Harutjunyan,G"]
[Black "Shamsi,M"]
[Result "0-1"]
[WhiteElo "2423"]
[BlackElo "2145"]

1.e4 c5 2.Nf3 d6 3.Bb5+ Bd7 4.Bxd7+ Qxd7 5.c4 Nf6 6.Nc3 g6 7.d4 cxd4 8.Nxd4 Bg7
9.f3 O-O 10.Be3 Nc6 11.Nde2 Rfc8 12.O-O Rab8 13.b3 Qc7 14.Rc1 Qa5 15.Qd2 a6
16.a4 Nd7 17.Rfd1 Nc5 18.Rb1 Qb4 19.Qc2 Qa5 20.Nd5 e6 21.Ndf4 Rd8 22.Qc1 Nb4
23.Qa3 Nc2 24.Qc1 Nxe3 25.b4 Qb6 26.a5 Qc7 27.Qxe3 Nd7 28.Rbc1 Ne5 29.Qf2 Rbc8
30.Nd4 Qe7 31.Qa2 Bh6 32.Nde2 Qf6 33.g3 g5 34.Ng2 Qxf3 35.Nd4 Qxe4 36.c5 Nd3
37.Rxd3 Qxd3 38.Nxe6 Re8  0-1

[Event "Bundesliga 2007-8"]
[Site "Godesberg GER"]
[Date "2008.02.10"]
[Round "9"]
[White "Breder,D"]
[Black "Babula,V"]
[Result "1/2-1/2"]
[WhiteElo "2428"]
[BlackElo "2594"]

1.e4 c5 2.Nf3 d6 3.Bb5+ Nd7 4.d4 cxd4 5.Qxd4 a6 6.Bxd7+ Bxd7 7.O-O Bg4 8.Qd3 Nf6
9.Nc3 g6 10.h3 Bd7 11.Bg5 Bg7 12.Rad1 Bc6 13.e5 dxe5 14.Qxd8+ Rxd8 15.Rxd8+ Kxd8
16.Nxe5 Be8 17.Rd1+ Kc8 18.Nc4 b5 19.Na5 e6 20.b4 Nd7 21.Ne4 Kc7 22.Be7 Bf8
23.Bxf8 Rxf8 24.Rd3 Nb8 25.Nc5 Bd7 26.f4 Rc8 27.Kf2 Bc6 28.Rc3 Kb6 29.g4 Rd8
30.Rd3 Bd5 31.a3 Nd7 32.Nxd7+ Rxd7 33.Nb3 Rc7 34.Nc5 a5 35.f5 gxf5 36.gxf5 axb4
37.axb4 Ra7 38.fxe6 fxe6 39.Nxe6 Rf7+ 40.Kg3 Bxe6 41.Rd6+ Ka7 42.Rxe6 Rc7
43.Rh6 Kb7 44.Kg4 Kc8 45.Kg5 Rxc2 46.Rb6 Rg2+ 47.Kh5 Kc7 48.Rxb5 Rg6 49.Rg5 Rb6
50.b5 Kd7 51.h4 Ke7 52.Rc5 Kf7 53.Kg5 Ke7 54.h5 Rb7 55.Rf5 Ke6 56.b6 Rg7+
57.Kh6 Rb7 58.Rb5 Kf6 59.Rb1 Kf5 60.Rb4 Ke5 61.Kg5 Rg7+ 62.Kh4 Rb7 63.Kg4 Rg7+
64.Kf3 Rb7 65.Rb5+ Kd6 66.Kf4 Ke6 67.Kg5 Rg7+ 68.Kh6 Rb7 69.Rb1 Kf6 70.Rb2 Kf5
71.Rf2+ Ke6 72.Rf1 Ke5 73.Rf8 Ke6 74.Kg5 Rg7+ 75.Kf4 Rb7 76.Kg5 Rg7+ 77.Kh6 Rb7
78.Rh8 Rxb6 79.Kxh7 Kf7 80.Ra8 Rf6 81.h6 Rf1 82.Ra7+ Kf8 83.Rg7 Rf2 84.Rg8+ Kf7
85.Rg4 Rf1 86.Kh8 Rf2 87.h7 Rf1 88.Ra4 Rf2 89.Ra7+ Kf8 90.Ra8+ Kf7 91.Ra7+  1/2-1/2

[Event "Bundesliga 2007-8"]
[Site "Zehlendorf GER"]
[Date "2008.02.10"]
[Round "9"]
[White "Meister,J"]
[Black "Acs,P"]
[Result "1/2-1/2"]
[WhiteElo "1718"]
[BlackElo "2548"]

1.e4 c5 2.Nf3 d6 3.Bb5+ Bd7 4.Bxd7+ Qxd7 5.O-O Nf6 6.Re1 Nc6 7.c3 e6 8.d3 Be7
9.Nbd2 O-O 10.Nf1 b5 11.Ng3 b4 12.c4 Ng4 13.h3 Nge5 14.Be3 Nxf3+ 15.Qxf3 Bf6
16.Rab1 Nd4 17.Qd1 g6 18.Ne2 Nxe2+ 19.Rxe2 e5 20.a3 a5 21.axb4 axb4 22.Ra1 Bg7
23.b3 f5 24.Rea2 Rxa2 25.Rxa2 f4 26.Bc1 h5 27.Kh2 Rf7 28.Bd2 Bf8 29.Ra8 Qb7
30.Qa1 g5 31.Qa4 Qe7 32.Qc6 g4 33.Qc8 Qh4 34.Kg1 gxh3 35.Qxh3 Qxh3 36.gxh3 Rf6
37.Be1 f3 38.Bd2 Rg6+ 39.Kh1 Kf7 40.Be3 Bh6 41.Ra7+ Kf6 42.Bxh6 Rxh6 43.Ra8 Kf7
44.Ra7+ Kf8 45.Ra8+ Kf7  1/2-1/2

[Event "Velammal 45th National A ch-IND"]
[Site "Chennai IND"]
[Date "2008.02.13"]
[Round "11"]
[White "Ramesh,R"]
[Black "Gopal,G"]
[Result "0-1"]
[WhiteElo "2473"]
[BlackElo "2528"]

1.e4 c5 2.Nf3 d6 3.Bb5+ Nd7 4.d4 Nf6 5.Nc3 cxd4 6.Qxd4 e5 7.Qd3 h6 8.O-O a6
9.Bc4 b5 10.Bd5 Rb8 11.b4 Be7 12.Be3 O-O 13.a4 bxa4 14.Rxa4 Nb6 15.Bxb6 Rxb6
16.Rb1 Bd7 17.Rxa6 Bb5 18.Nxb5 Rxa6 19.Nbd4 Nxd5 20.exd5 Qa8 21.Nc6 Bd8 22.g4 Ra3
23.Qe4 Rc3 24.Rb3 Rxb3 25.cxb3 Qa2 26.Qd3 Bb6 27.Nd2 Qa1+ 28.Nf1 Qe1 29.Qf5 Re8
30.Na5 Qxb4  0-1

[Event "10th TCh-Euro sen"]
[Site "Dresden GER"]
[Date "2008.02.15"]
[Round "5"]
[White "Villing,D"]
[Black "Walter,Gu1 GER"]
[Result "1/2-1/2"]
[WhiteElo "2209"]
[BlackElo "2281"]

1.e4 c5 2.Nf3 d6 3.Bb5+ Bd7 4.Bxd7+ Qxd7 5.O-O Nc6 6.c3 Nf6 7.Re1 e6 8.d4 d5
9.e5 Ne4 10.Nbd2 Nxd2 11.Bxd2 Be7  1/2-1/2

[Event "XXIV Open"]
[Site "Cappelle La Grande FRA"]
[Date "2008.02.16"]
[Round "1"]
[White "Gharamian,T"]
[Black "Zude,E"]
[Result "1-0"]
[WhiteElo "2558"]
[BlackElo "2409"]

1.e4 c5 2.Nf3 d6 3.Bb5+ Nd7 4.d4 Nf6 5.O-O cxd4 6.Qxd4 e5 7.Qd3 h6 8.c4 Be7
9.Nc3 O-O 10.Bxd7 Bxd7 11.Rd1 Bc6 12.Be3 Qd7 13.h3 b6 14.b4 Rac8 15.a4 Ba8
16.a5 Qc7 17.Nd2 d5 18.exd5 Bxb4 19.Nb5 Qb8 20.a6 Rfd8 21.Qe2 Rd7 22.Nf3 Bf8
23.Bc1 Re8 24.Bb2 e4 25.Bxf6 exf3 26.Qxf3 Rc7 27.Nxc7 Qxc7 28.Bb2 Qxc4 29.Ba3 Bxa3
30.Rxa3 Re5 31.Rc3 Qxa6 32.Rc7 Rg5 33.h4 Rg6 34.Qxf7+ Kh7 35.Qf5 Qa4 36.h5 Qxd1+
37.Kh2 Qg4 38.hxg6+ Qxg6 39.Qxg6+ Kxg6 40.d6  1-0

[Event "60th ch-POL w"]
[Site "Krakow POL"]
[Date "2008.02.16"]
[Round "3"]
[White "Krupa,M"]
[Black "Toma,K"]
[Result "0-1"]
[WhiteElo "2266"]
[BlackElo "2259"]

1.e4 c5 2.Nf3 d6 3.Bb5+ Bd7 4.Bxd7+ Qxd7 5.O-O Nc6 6.c3 Nf6 7.Qe2 e6 8.d4 cxd4
9.cxd4 d5 10.e5 Ne4 11.Be3 Be7 12.Ne1 f6 13.f3 Ng5 14.Nd3 O-O 15.Bf2 f5 16.Nc3 b6
17.Nf4 Rfc8 18.Rac1 Nf7 19.Nfxd5 exd5 20.e6 Qe8 21.exf7+ Qxf7 22.Qb5 Bg5
23.Rc2 Ne7 24.Re2 Rd8 25.Rfe1 Ng6 26.h4 Bf6 27.g3 f4 28.g4 Nxh4 29.Bxh4 Bxh4
30.Rd1 Bf6 31.Kg2 h5 32.gxh5 Qxh5 33.Rh1 Qf5 34.Rd1 Qg6+ 35.Kf1 Qh5 36.Kg2 Qh4
37.Rd3 Rac8 38.Kg1 Kf7 39.Qb3 Rc4 40.Nxd5 Rc1+ 41.Rd1 Rxd1+ 42.Qxd1 Rxd5
43.Qb3 Bxd4+  0-1

[Event "60th ch-POL w"]
[Site "Krakow POL"]
[Date "2008.02.16"]
[Round "3"]
[White "Kulon,K"]
[Black "Dworakowska,J"]
[Result "1/2-1/2"]
[WhiteElo "2128"]
[BlackElo "2353"]

1.e4 c5 2.Nf3 d6 3.Bb5+ Nd7 4.d4 cxd4 5.Qxd4 Nf6 6.O-O a6 7.Bxd7+ Nxd7 8.Bg5 f6
9.Be3 e6 10.Nbd2 a5 11.Nc4 Ra6 12.a4 Be7 13.Qd2 O-O 14.c3 Qc7 15.Na3 Qc6
16.Nd4 Qxe4 17.f3 Qe5 18.Bf4 Qd5 19.c4 Qc5 20.Be3 Qe5 21.Bf4 Qc5 22.Be3 Qe5
23.Bf4  1/2-1/2

[Event "TCh-BEL 2007-8"]
[Site "Belgium BEL"]
[Date "2008.02.17"]
[Round "9"]
[White "Laurent,B"]
[Black "Becker,Mart"]
[Result "1/2-1/2"]
[WhiteElo "2359"]
[BlackElo "2365"]

1.e4 c5 2.Nf3 d6 3.Bb5+ Bd7 4.Bxd7+ Qxd7 5.O-O Nc6 6.Re1 Nf6 7.c3 e6 8.d4 cxd4
9.cxd4 d5 10.e5 Ne4 11.Nbd2 Nxd2 12.Bxd2 Be7 13.Rc1 O-O 14.Rc3 Rfc8 15.a3 Bf8
16.Rd3 Ne7 17.Ng5 h6 18.Nh3 Rc4 19.Nf4 g6 20.h4 Rac8 21.h5  1/2-1/2

[Event "XXIV Open"]
[Site "Cappelle La Grande FRA"]
[Date "2008.02.17"]
[Round "2"]
[White "Hammer,J"]
[Black "Kulaots,K"]
[Result "1/2-1/2"]
[WhiteElo "2441"]
[BlackElo "2533"]

1.e4 c5 2.Nf3 d6 3.Bb5+ Nc6 4.O-O Bd7 5.c3 Nf6 6.Re1 a6 7.Ba4 e5 8.h3 Be7
9.d4 b5 10.Bc2 O-O 11.d5 Na5 12.Nxe5 dxe5 13.d6 Be6 14.dxe7 Qxe7 15.Nd2 Rfd8
16.Qf3 c4 17.Nf1 Nb7 18.Ng3 Nc5 19.Nf5 Bxf5 20.exf5 Rac8 21.Bg5 h6 22.Bxf6 Qxf6
23.Rad1 Rxd1 24.Rxd1 Rd8 25.Rd5 Rxd5 26.Qxd5 Qe7 27.b3 cxb3 28.axb3 Qg5 29.Qa8+ Kh7
30.f6+ e4 31.Bxe4+ Nxe4 32.Qxe4+ g6 33.Qd4 a5 34.g3 Qf5 35.Kg2 Qe6 36.Qa7 Qxb3
37.Qxa5 Qd5+ 38.Kg1 Qd1+ 39.Kg2 Qd5+ 40.Kg1 Qd1+ 41.Kh2 Qf3 42.Kg1  1/2-1/2

[Event "XXIV Open"]
[Site "Cappelle La Grande FRA"]
[Date "2008.02.17"]
[Round "2"]
[White "Ulibin,M"]
[Black "Cabrera Trujillo,J"]
[Result "1-0"]
[WhiteElo "2518"]
[BlackElo "2320"]

1.e4 c5 2.Nf3 d6 3.Bb5+ Bd7 4.Bxd7+ Qxd7 5.O-O Nf6 6.e5 dxe5 7.Nxe5 Qc7 8.d4 cxd4
9.Bf4 Nc6 10.Re1 Qd8 11.Na3 e6 12.Nb5 Nd5 13.Qh5 g6 14.Qf3 Bg7 15.Nxf7 Kxf7
16.Nd6+ Kg8 17.Rxe6 Nxf4 18.Qb3 h5 19.Rxg6+ Kh7 20.Rxg7+ Kxg7 21.Qf7+ Kh6
22.Nf5+  1-0

[Event "Aeroflot Open A2"]
[Site "Moscow RUS"]
[Date "2008.02.17"]
[Round "4"]
[White "Novikov,St1"]
[Black "Dobrov,V"]
[Result "1-0"]
[WhiteElo "2545"]
[BlackElo "2501"]

1.e4 c5 2.Nf3 d6 3.Bb5+ Nc6 4.O-O Bd7 5.Re1 Nf6 6.c3 a6 7.Bf1 Bg4 8.d4 cxd4
9.cxd4 d5 10.exd5 Nxd5 11.Nc3 e6 12.Bc4 Be7 13.Bxd5 exd5 14.Bg5 f6 15.Bf4 O-O
16.Qb3 Bb4 17.Nxd5 Bxe1 18.Bc7 Na5 19.Bxa5 Bxa5 20.Nxf6+ Kh8 21.Nxg4 Qb6
22.Qxb6 Bxb6 23.Rd1 Rfe8 24.Kf1 Re4 25.Ne3 h6 26.Rd3 Ba7 27.Nc2 Rc8 28.Rc3 Ree8
29.Ne3 Kg8 30.Ke2 Kf7 31.Kd3 Red8 32.h4 Ke6 33.h5 Rxc3+ 34.bxc3 b5 35.g4 Bb8
36.Nf5 Kf6 37.Nd2 a5 38.Ne4+ Kf7 39.Nc5 Bh2 40.Nxg7 b4 41.Nf5 Bf4 42.cxb4 axb4
43.Na6 Kf6 44.Nxb4 Kg5 45.f3 Bc1 46.Nc6 Ra8 47.Kc2 Ba3 48.Kb3 Bf8 49.a4 Kf4
50.Ne5 Rb8+ 51.Kc3 Ra8 52.Kb3 Rb8+ 53.Kc4 Rb4+ 54.Kd5 Rxa4 55.Ng6+ Kxf3 56.Nxf8 Kxg4
57.Ng7 Ra5+ 58.Ke6 Rg5 59.Ng6  1-0

[Event "Aeroflot Open"]
[Site "Moscow RUS"]
[Date "2008.02.17"]
[Round "4"]
[White "Mamedov,Rau"]
[Black "Jobava,Ba"]
[Result "1/2-1/2"]
[WhiteElo "2583"]
[BlackElo "2643"]

1.e4 c5 2.Nf3 d6 3.Bb5+ Bd7 4.Bxd7+ Qxd7 5.O-O Nf6 6.Re1 e6 7.c3 Nc6 8.d4 cxd4
9.cxd4 d5 10.e5 Ne4 11.Nbd2 Nxd2 12.Bxd2 Be7 13.Rc1 O-O 14.Rc3 Rfc8 15.h4 Bf8
16.h5  1/2-1/2

[Event "XXIV Open"]
[Site "Cappelle La Grande FRA"]
[Date "2008.02.18"]
[Round "3"]
[White "Rozentalis,E"]
[Black "Motoc,A"]
[Result "1-0"]
[WhiteElo "2567"]
[BlackElo "2330"]

1.e4 c5 2.Nf3 d6 3.Bb5+ Bd7 4.Bxd7+ Qxd7 5.O-O Nc6 6.Re1 Nf6 7.b3 g6 8.c3 Bg7
9.d4 cxd4 10.cxd4 d5 11.e5 Ne4 12.Nbd2 Nxd2 13.Qxd2 O-O 14.Ba3 Rfc8 15.Qf4 Nd8
16.Ng5 Rc6 17.e6 fxe6 18.h4 Qc7 19.Qg4 h5 20.Qf3 Bxd4 21.Qd3 e5 22.Rac1 Kg7
23.Nf3 Bc3 24.Re3 d4 25.Rxe5 Nf7 26.Rxe7 Qa5 27.Ne5 Qxe5 28.Rxe5 Nxe5 29.Qb5 Nf7
30.Qxb7 Rac8 31.Rd1 a5 32.Qe7 R6c7 33.Qe6 Rc6 34.Qe4 Rf6 35.Rxd4 Bxd4 36.Qxd4 Rd8
37.Qa1 Rd2 38.Bf8+ Kxf8 39.Qxf6 Rd6 40.Qc3 Rd5 41.f3 Ne5 42.Qc7 Nf7 43.Qc6 Rd1+  1-0

[Event "XXIV Open"]
[Site "Cappelle La Grande FRA"]
[Date "2008.02.18"]
[Round "3"]
[White "Kasparov,S"]
[Black "Belov,Vl"]
[Result "1/2-1/2"]
[WhiteElo "2458"]
[BlackElo "2578"]

1.e4 c5 2.Nf3 d6 3.Bb5+ Bd7 4.Bxd7+ Nxd7 5.O-O Ngf6 6.Qe2 Rc8 7.b3 g6 8.Bb2 Bg7
9.d3 O-O 10.Nbd2 Nb8 11.Ne1 Nc6 12.f4 Nd4 13.Qd1 b5 14.Kh1 Qd7 15.c3 Nc6
16.Rb1 Ng4 17.Nc2 b4 18.c4 Bxb2 19.Rxb2 f5 20.Qe1 e6 21.Ne3 Qg7 22.Rb1 Rce8
23.h3 Nf6 24.Qf2 Nh5 25.exf5 gxf5 26.Kh2 Ne7 27.Qh4 Nf6 28.g4 fxg4 29.hxg4 Kh8
30.Rbe1 Nfg8 31.Ng2 Nh6 32.g5 Nhf5 33.Qh3 Nc6 34.Ne4 Ncd4 35.Rf2 Re7 36.Ne3  1/2-1/2

[Event "XXIV Open"]
[Site "Cappelle La Grande FRA"]
[Date "2008.02.18"]
[Round "4"]
[White "Arribas Robaina,M"]
[Black "Gorecka,J"]
[Result "1/2-1/2"]
[WhiteElo "2334"]
[BlackElo "2117"]

1.e4 c5 2.Nf3 d6 3.Bb5+ Nd7 4.O-O a6 5.Bc4 e6 6.a4 Ngf6 7.Re1 Be7 8.Nc3 O-O
9.d4 cxd4 10.Qxd4 Qc7 11.Bg5 h6 12.Bh4 Ne5 13.Nxe5 dxe5 14.Qd3 Rd8 15.Qe2 Bd7
16.Bb3 Bc6 17.f3 Nxe4 18.Bxe7 Nxc3 19.Qxe5 Qxe5 20.Rxe5 Rd7 21.Bc5 Nd5 22.Kf2 Rad8
23.g3 Nf6 24.Bb6 Rc8 25.c4 Rd3 26.Re3 Rd2+ 27.Re2 Rd3 28.Re3 Rd2+  1/2-1/2

[Event "10th TCh-Euro sen"]
[Site "Dresden GER"]
[Date "2008.02.18"]
[Round "8"]
[White "Boehnisch,M"]
[Black "Pekun,C"]
[Result "1-0"]
[WhiteElo "2369"]
[BlackElo "2111"]

1.e4 c5 2.Nf3 d6 3.Bb5+ Nc6 4.Bxc6+ bxc6 5.O-O e5 6.c3 Nf6 7.d4 cxd4 8.cxd4 Qc7
9.Qc2 Be7 10.dxe5 dxe5 11.Nxe5 O-O 12.Nf3 Ng4 13.h3 Ne5 14.Nxe5 Qxe5 15.Nd2 Qh5
16.Qxc6 Be6 17.Qc7 Bf6 18.Qf4 Be5 19.Qe3 Rab8 20.f4 Bxb2 21.Bxb2 Rxb2 22.f5 Bxa2
23.Qc3 Rfb8 24.Rfc1 h6 25.Rc2  1-0

[Event "US Amateur Team-ch East"]
[Site "Parsippany USA"]
[Date "2008.02.18"]
[Round "6"]
[White "Bartell,T"]
[Black "Critelli,J"]
[Result "1-0"]
[WhiteElo "2396"]
[BlackElo "2346"]

1.e4 c5 2.Nf3 d6 3.Bb5+ Bd7 4.Bxd7+ Qxd7 5.c4 Nc6 6.O-O g6 7.d4 cxd4 8.Nxd4 Bg7
9.Be3 Nf6 10.f3 O-O 11.Nc3 Rfd8 12.Qd2 e6 13.Rfd1 a6 14.Rac1 b6 15.a4 Rab8
16.b3 Ne8 17.Qf2 Na5 18.Rb1 Qb7 19.Kh1 Nf6 20.Qh4 Rd7 21.Rd3 Rc8 22.Bg5 Ne8
23.f4 Nxc4 24.bxc4 Rxc4 25.Nde2 Qc6 26.Qg3 b5 27.axb5 axb5 28.e5 h6 29.Bf6 Nxf6
30.exf6 Bxf6 31.h3 b4 32.Nd1 Qe4 33.Qf3 Qxf3 34.Rxf3 Rc2 35.Ng1 Rb7 36.Rd3 Rb6
37.Ne3 Rc3 38.Rxc3 Bxc3 39.Ne2 Rc6 40.Rc1 d5 41.Nd1 d4 42.Nxd4 Rc4 43.Ne2 Re4
44.Ndxc3 bxc3 45.Rc2 e5 46.fxe5 Rxe5 47.Nxc3 Rc5 48.Rc1 Kg7 49.Ne2 Re5 50.Nd4 Re4
51.Nf3 Kf6 52.Kh2 Kg7 53.g4 Re7 54.Kg3 Ra7 55.Rc6 Rb7 56.Ra6 Re7 57.Rd6 Ra7
58.Ne5 Ra3+ 59.Kf4 Ra4+ 60.Kf3 Ra3+ 61.Rd3 Ra5 62.Ke4 Ra4+ 63.Rd4 Ra1 64.Rd7 Rf1
65.h4 Re1+ 66.Kf4 Rf1+ 67.Nf3 Ra1 68.Ne5 Rf1+ 69.Ke3 Re1+ 70.Kd4 Rd1+ 71.Kc5 Rc1+
72.Kd6 Rd1+ 73.Kc7 Rf1 74.Kd8 Kf8 75.g5 Rf5 76.Rxf7+  1-0